| 000 | 02105nam a22002775a 4500 | ||
|---|---|---|---|
| 999 |
_c26943 _d26915 |
||
| 005 | 20181104102508.0 | ||
| 008 | 181104t1995 maua frb 001 0 eng d | ||
| 020 | _a9780262517225 | ||
| 040 |
_aEG-ScBUE _beng _cEG-ScBUE _dEG-ScBUE |
||
| 082 | 0 | 4 |
_a304.6 _bRAZ _222 |
| 100 | 1 |
_aRazin, Assaf. _941886 |
|
| 245 | 1 | 0 |
_aPopulation economics / _cAssaf Razin, Efraim Sadka. |
| 260 |
_aCambridge, Mass. ; _aLondon : _bTHE MIT Press, _cc.1995. |
||
| 300 |
_aix, 275 p. : _bill. ; _c24 cm. |
||
| 504 | _aIncludes bibliographical references and index. | ||
| 505 | 0 | _a1. Introduction. 2. Population Dynamics: Summary Indicators -- I. The Microeconomics of Fertility and Child Quality. 3. Number and Quality of Children. 4. Children as a Capital Good -- II. Ethical Considerations. 5. Social Evaluation of Population Size -- III. Externalities and Corrective Population Policies. 6. Malthus's Hypothesis. 7. Bequests as a Public Good within Marriage. 8. Bequests and Child Education: Full Information. 9. Bequests and Child Education: Imperfect Information -- IV. Income Distribution and Social Security. 10. The Intergenerational Role of Social Security. 11. Intragenerational Income Distribution Policies. 12. Inter- and Intragenerational Distribution: The Extended Role of Social Security -- V. Growth and Development. 13. Engines of Growth. 14. Development and Population: A Survey -- VI. Migration and Trade. 15. Empirical Regularities and Trends. 16. Factor and Goods Mobility and International Migration. 17. Normative Issues of International Migration. | |
| 520 | _aFrom Malthus to Becker, the economic approach to population growth and its interactions with the surrounding economic environment has undergone a major transformation. Population Economics elucidates the theory behind this shift and the consequences for economic policy. | ||
| 650 | 7 |
_aFertility, Human. _2BUEsh |
|
| 650 | 7 |
_aPopulation policy. _2BUEsh |
|
| 650 | 7 |
_aEconomic development. _2BUEsh |
|
| 651 | _2BUEsh | ||
| 653 |
_bBUSECO _cNovember2018 |
||
| 655 | _vReading book | ||
| 700 | 1 |
_aSadka, Efraim. _941887 |
|
| 942 | _2ddc | ||